[Event "Hengelo U12 op"]
[Site "Hengelo"]
[Date "2005.08.08"]
[Round "1"]
[White "Van Dongen, David"]
[Black "Puppels, Thomas"]
[Result "1-0"]
[WhiteElo "1564"]
[BlackElo "1099"]
[PlyCount "71"]
[EventDate "2005.08.??"]
[EventType "swiss"]
[EventRounds "13"]
[EventCountry "NED"]
[SourceTitle "CBM 107 Extra"]
[Source "ChessBase"]
[SourceDate "2005.09.01"]
[SourceVersion "1"]
[SourceVersionDate "2005.09.01"]
[SourceQuality "1"]

1. e4 e5 2. Nf3 d5 3. exd5 Qxd5 4. Nc3 Qe6 5. d3 Nc6 6. Ng5 Qf5 7. Nd5 Bd6 8. Qf3 Qxf3 9. Nxf3 Be6 10. Nc3 Nf6 11. Be3 Bb4 12. Bd2 Nd4 13. Nxd4 exd4 14. Ne4 Bxd2+ 15. Nxd2 c5 16. Be2 0-0 17. Bf3 Bd5 18. Bxd5 Nxd5 19. 0-0 Nb4 20. a3 Nd5 21. Rfe1 Rac8 22. a4 a5 23. Re5 Nb4 24. Rc1 f6 25. Re7 b6 26. Re6 Rb8 27. Nc4 b5 28. axb5 Rxb5 29. Re7 Ra8 30. Rce1 h6 31. Nd6 Rbb8 32. Nf5 Nxc2 33. Rxg7+ Kh8 34. Ree7 Rxb2 35. Rh7+ Kg8 36. Nxh6+ 1-0